| 000 | 00733cam a22002415a 4500 | ||
|---|---|---|---|
| 999 |
_c27561 _d27532 |
||
| 005 | 20190624115352.0 | ||
| 008 | 121122t2012 enka fr 001 0 eng d | ||
| 020 | _a9780273765103 | ||
| 040 |
_aIiNdDKA _beng _cIiNdDKA _dEG-ScBUE |
||
| 082 | 0 | 4 |
_a330 _222 _bSLO |
| 100 | 1 |
_aSloman, John, _d1947- |
|
| 245 | 1 | 0 |
_aEconomics : _bstudent workbook / _cJohn Sloman, Peter Smith. |
| 250 | _a8th ed. | ||
| 260 |
_aHarlow : _bPearson Education, _cc.2012. |
||
| 300 |
_aviii, 299 p. : _bill. ; _c27 cm. |
||
| 490 | 0 | _aAlways learning | |
| 650 | 7 |
_aEconomics. _2BUEsh |
|
| 650 | 7 |
_aEconomics _vProblems, exercises, etc. _2BUEsh _931050 |
|
| 651 | _2BUEsh | ||
| 653 |
_bBUSECO _cJune2019 |
||
| 700 | 1 |
_aSmith, Peter, _d1947- _931051 |
|
| 942 | _2ddc | ||